| 000 | nam a22 7a 4500 | ||
|---|---|---|---|
| 999 |
_c331831 _d331831 |
||
| 003 | NUST | ||
| 005 | 20171030111311.0 | ||
| 008 | 171030b xxu||||| |||| 00| 0 eng d | ||
| 020 | _a0004343484 | ||
| 040 | _c0 | ||
| 082 | _a628 JON | ||
| 100 |
_aJones,Gareth _95717 |
||
| 245 |
_aDictionary Of Environmental Science _cGareth Jones |
||
| 260 |
_aGreat Britain _bHarper Collins _c1990. |
||
| 300 | _a473p. | ||
| 500 | _aP.B | ||
| 942 |
_2ddc _cBK _kIESE |
||